| 000 | 005370000a22000970004500 | ||
|---|---|---|---|
| 245 | 1 | 0 | _aEl contexto histórico del Nuevo Testamento |
| 300 | _aVol.62, núm.284 (enero.febrero, 2007), Páginas 20-26 | ||
| 520 | _aLa mayoría de los libros del Nuevo Testamento se escribieron durante la segunda parte del siglo I d.C., y en ellos se refleja el medio histórico y cultural imperante en ese momento. Fueron tres las grandes culturas de la época en la que surgió el Nuevo Testamento... | ||
| 773 | 0 | _tLa Biblia de las Américas | |
| 942 | _cANA | ||
| 999 |
_c62183 _d62183 |
||